| 000 | 01788nam0a2200409 4500 | ||
|---|---|---|---|
| 001 | RU\NLR\bibl\845774 | ||
| 005 | 20250614150308.0 | ||
| 010 |
_a5-9684-0057-9 _bв обл. _97000 |
||
| 021 |
_aRU _b2005-22374 _91138 |
||
| 035 | _aRSL-KNO-002597211 | ||
| 035 | _a(NLR Aleph) 000834556 | ||
| 090 |
_a1381959 _c1381959 |
||
| 100 | _a20050428d2005 |||y0rusy50 ca | ||
| 101 | 0 | _arus | |
| 102 | _aRU | ||
| 105 | _aa ||||||||| | ||
| 106 | _ar | ||
| 200 | 1 |
_aЧайный гриб и яблочный уксус _fЕкатерина Голубева |
|
| 210 |
_aСПб. _cВектор _d2005 |
||
| 215 |
_a89, [3] с. _cил. _d20 |
||
| 225 | 1 |
_aЦелительные практики _iЛучшие, проверенные и доступные рецепты |
|
| 225 | 1 | _aПросто и эффективно! | |
| 320 | _aБиблиогр. в конце кн. | ||
| 606 | 1 |
_aЧайный гриб _xЛечебное применение _91859774 _3RU\NLR\auth\66843481 |
|
| 606 | 1 |
_aЯблочный уксус _xЛечебное применение _92027620 _3RU\NLR\auth\661218217 |
|
| 610 | 0 | _aЗдравоохранение. Медицинские науки -- Диетотерапия. Лечебное питание -- Лечение медицинскими напитками -- Популярные издания | |
| 610 | 0 |
_aчайный гриб _aяблочный уксус |
|
| 686 |
_aР351.18я9 _2rubbk |
||
| 686 | _aР282.111 Чайный гриб | ||
| 686 | _aР123.86 | ||
| 700 | 1 |
_aГолубева _bЕ. А. _gЕкатерина Александровна _4070 |
|
| 801 | 0 |
_aRU _bRuMoRKP _c20050428 _grcr |
|
| 801 | 1 |
_aRU _bRuMoRGB _c20050428 |
|
| 801 | 2 |
_aRU _bNLR _c20050929 _grcr |
|
| 942 | _cBOOK | ||
| 980 | _aNB | ||